|
|
|
|
| LEADER |
00000nam0a2200000 4500 |
| 001 |
286990 |
| 005 |
20231101235939.0 |
| 020 |
|
|
|a RU
|b 85-64997
|
| 035 |
|
|
|a (RuTPU)RU\TPU\book\311356
|
| 090 |
|
|
|a 286990
|
| 100 |
|
|
|a 20150311d1985 m y0rusy5003 ca
|
| 101 |
0 |
|
|a rus
|
| 102 |
|
|
|a RU
|
| 105 |
|
|
|a a z 000zy
|
| 200 |
1 |
|
|a Сибирь далекая и близкая : записки партийного работника
|f С. И. Манякин
|
| 210 |
|
|
|a Москва
|c Политиздат
|d 1985
|
| 215 |
|
|
|a 286 с.
|c ил., 8 л. ил.
|
| 606 |
1 |
|
|a Сельское хозяйство
|x Экономика
|2 stltpush
|3 (RuTPU)RU\TPU\subj\54467
|9 58112
|
| 610 |
1 |
|
|a Омская область
|
| 610 |
1 |
|
|a партийные организации
|
| 610 |
1 |
|
|a Сибирь
|
| 610 |
1 |
|
|a агропромышленный комплекс
|
| 610 |
1 |
|
|a становление
|
| 610 |
1 |
|
|a развитие
|
| 686 |
|
|
|a У9(2)32
|v LBC/SL-A
|2 rubbk
|
| 700 |
|
1 |
|a Манякин
|b С. И.
|g Сергей Иосифович
|
| 801 |
|
0 |
|a RU
|b RuMRKP
|c 19950704
|g psbo
|
| 801 |
|
1 |
|a RU
|b 63413507
|c 20150311
|
| 801 |
|
2 |
|a RU
|b 63413507
|c 20180115
|g RCR
|
| 942 |
|
|
|c BK
|